Представление документа в формате RUSMARC

ПолеНазваниеЗначение
  Тип записи a
  Библиографический уровень m
001 Контрольный номер 4a21f11fde3c418d94ce2e06cf89f3c4
005 Дата корректировки 20140526192810.4
200 Заглавие и сведения об ответственности __
a Заглавие Валютный контроль в Российской Федерации
e Сведения, относящиеся к заглавию Нормативные документы. Комментарии. Практика применения.
f Первые сведения об ответственности Междунар.центр финансово-экономического развития
210 Выходные данные __
a Место издания Москва
c Издательство МЦФЭР
d Дата издания 1997
215 Физическое описание __
a Объем 718
606 Тематические рубрики __
a Основная рубрика право
610 Ключевые слова __
a Ключевые слова валютный контроль
686 Индексы других классификаций __
a Классификационный индекс 67
2 Код системы rubbk
686 Индексы других классификаций __
a Классификационный индекс 67.628.111.12-32
2 Код системы rubbk
700 Автор __
a Фамилия Зенкин Игорь Викторович
701 Альтернативная интеллектуальная ответственность __
a Фамилия Спирина Марина Николаевна
801 Источник записи _0
a Страна RU
b Организация РУК
c Дата составления 19980601
g Правила каталогизации PSBO
801 Источник записи _1
a Страна RU
b Организация РУК
c Дата составления 19980601
g Правила каталогизации PSBO
852 Данные о местонахождении __
i Авторский знак З-56
j Шифр хранения 67.628.111.12-32
901 Тип документа __
t Тип документа m
938 Служебная информация __
a Название организации Головной вуз
b Имя БД BOOK
c Название АИБС АИБС ИРБИС